| 000 | 03209nam a2200481Ii 4500 | ||
|---|---|---|---|
| 001 | DIGRBN0128 | ||
| 003 | NyNyDIG | ||
| 006 | m o d | ||
| 007 | cr ||||||||||| | ||
| 008 | 170215s2015 sp ob 000 0 spa d | ||
| 020 |
_a8416345732 _q(eBook) |
||
| 020 |
_a9788416345731 _q(eBook) |
||
| 020 | _z8416345724 | ||
| 020 | _z9788416345724 | ||
| 035 | _a(OCoLC)972725651 | ||
| 040 |
_aDGITA _beng _erda _epn _cDGITA |
||
| 050 | 1 | 4 | _aB67 ebook |
| 082 | 1 | 4 | _a501 |
| 245 | 0 | 0 |
_aFronteras del determinismo científico : _bfilosofía y ciencias en diálogo / _cClaudia E. Vanney y Olimpia Lombardi (Eds.). |
| 250 | _aEdición digital. | ||
| 264 | 1 |
_aMadrid : _bBiblioteca Nueva, _c[2015] |
|
| 300 | _a1 online resource. | ||
| 336 |
_atext _btxt _2rdacontent |
||
| 337 |
_acomputer _bc _2rdamedia |
||
| 338 |
_aonline resource _bcr _2rdacarrier |
||
| 490 | 1 | _aColección Fronteras | |
| 504 | _aIncludes bibliographical references. | ||
| 505 | 0 | _aLos múltiples rostros del determinismo / Juan Arana -- -Ergodicidad y determinismo / Olimpia Lombardi y Cristian López -- ¿Qué nos dicen los modelos científicos? / Hernán Accorinti -- Determinismo e indeterminismo en mecánica cuántica / Sebastian Fortin -- Historias en mecánica cuántica / Leonardo Vanni -- Indeterminismo cuántico y pluralismo cognoscitivo / Claudia E. Vanney -- Relaciones entre química y física : ¿determinación sincrónica? / Martín Labarca y Camilo Martínez González -- Apuntes sobre genética y comportamiento humano : nuevos (y no tan nuevos) embates al centrismo del gen y los enfoques deterministas / Nahuel Pallitto, Christian Francese y Guillermo Folguera -- Complejidad y determinismo en la biología evolutiva del desarrollo (evo-devo) / Constanza Rendón, María José Ferreira Ruiz y Nicolás José Lavagnino -- El indeterminismo del gen : patentes de ADN y la ausencia de un sustento teórico / Agustín Martínez, Manuel Sánchez, Christian Francese y Erick Rubio -- La complejidad y la biología de la conservación / Gabriela Klier, Federico di Pasquo y Tomás Busan -- El determinismo neural y la conciencia a partir de los experimentos de Libet sobre el libre albedrío / Juan F. Franck y Agustina Lombardi -- Cómo no perder el control en un mundo determinista / Carolina Sartorio -- Entre la esencia y la ausencia de la identidad personal : la obsesión por las determinaciones únicas / Mariana Córdoba. | |
| 588 | 0 | _aOnline resource; title from PDF title page (Digitalia, viewed February 15, 2017) | |
| 650 | 0 | _aDeterminism (Philosophy) | |
| 650 | 0 | _aFree will and determinism. | |
| 650 | 0 | _aPhilosophy and science. | |
| 655 | 0 | _aElectronic books. | |
| 700 | 1 |
_aLombardi, Olimpia, _eeditor. |
|
| 700 | 1 |
_aVanney, Claudia E., _eeditor. |
|
| 776 | 0 | 8 |
_iPrint version: _tFronteras del determinismo científico. _dMadrid : Biblioteca Nueva, 2015 _z9788416345724 _w(OCoLC)918821832 |
| 791 | 2 |
_aDigitalia (Firm), _edistributor. |
|
| 793 | 0 |
_gDigitalia eBook Collection: _aBiblioteca Nueva |
|
| 830 | 0 | _aColección Fronteras (Madrid, Spain) | |
| 856 | 4 | 0 |
_3Digitalia Hispánica _uhttps://www.digitaliapublishing.com/a/38122/ |
| 910 | _aPremium Collection: 2017 | ||
| 942 | _cRAA | ||
| 999 |
_c244093 _d244093 |
||